|
|
|
|
| LEADER |
00000nab a2200000 a 4500 |
| 001 |
vtls010612868 |
| 003 |
SK-MaSNL |
| 005 |
20260303085309.0 |
| 008 |
140805 2014 xo m n 000 0 slo |
| 038 |
|
|
|a PPPK
|
| 040 |
|
|
|a PPPKCL
|b slo
|c PPPKCL
|e AACR2
|
| 041 |
|
|
|a slo
|
| 044 |
|
|
|a xo
|c SK
|
| 080 |
|
|
|a 796.342
|2 2001
|
| 245 |
0 |
0 |
|a Memoriál D. Budzáka Nadácii Chemosvit
|
| 300 |
|
|
|b Fotogr.
|
| 500 |
|
|
|a Autor a fotograf článku nie sú uvedení.
|
| 610 |
2 |
7 |
|a Spolcentrum (Svit, Slovensko)
|2 pppkcl
|9 1042744
|
| 610 |
2 |
7 |
|a Hotel Hubert (Gerlachov, Slovensko)
|2 pppkcl
|9 29196
|
| 611 |
2 |
7 |
|a Memoriál Dušana Budzáka
|n (7. :
|d 2014 :
|c Svit a Gerlachov, Slovensko)
|2 pppkcl
|9 1093331
|
| 648 |
|
7 |
|a 30.5.2014
|2 pppkcl
|9 1093332
|
| 650 |
0 |
7 |
|a tenis
|2 pppkcl
|9 3293
|
| 651 |
|
7 |
|a Svit (Slovensko)
|2 pppkcl
|9 29648
|
| 651 |
|
7 |
|a Gerlachov (Poprad, Slovensko)
|2 pppkcl
|9 29307
|
| 651 |
|
7 |
|a Poprad (Slovensko : okres)
|2 pppkcl
|9 28675
|
| 773 |
0 |
|
|t Chemosvit
|g Roč. 40, č. 6 (2014), s. 18
|
| 852 |
|
|
|a PPPK
|b KIS3GCP
|
| 999 |
|
|
|c 1798677
|d 1800607
|